Language Quiz

Random Language or Sporcle Quiz

-oop Definitions Quiz Stats

 Plays Quiz Updated Jul 2, 2018

Also try: -son Definitions
Challenge
Share
Tweet
Embed
Score 0/14 Timer 04:00
7 Plays Today
% Correct
Troop
95.9%
Whoop
95%
Coop
94.7%
Swoop
94.4%
Snoop
94%
Scoop
93.5%
Nincompoop
93.3%
% Correct
Droop
91.5%
Loop
87.6%
Hoop
83.9%
Bloop
83.6%
Sloop
83.4%
Poop
80.5%
Cloop
67.4%

You're not logged in!

Compare scores with friends on all Sporcle quizzes.
Join for Free
OR
Log In

You Might Also Like...

Show Comments

Extras

Top Quizzes Today


Score Distribution

Your Account Isn't Verified!

In order to create a playlist on Sporcle, you need to verify the email address you used during registration. Go to your Sporcle Settings to finish the process.

Report this User

Report this user for behavior that violates our Community Guidelines.

Details: